[Event "Krapina op 9th"]
[Site "Krapina"]
[Date "2019.01.19"]
[Round "5"]
[White "Buhin, Denis"]
[Black "Svrtan, Zlatko"]
[Result "0-1"]
[WhiteElo "1999"]
[BlackElo "2042"]
[PlyCount "138"]
[EventDate "2019.01.17"]
[EventType "swiss"]
[EventRounds "7"]
[EventCountry "CRO"]
[SourceTitle "CBM 188 Extra"]
[Source "ChessBase"]
[SourceDate "2019.02.28"]
[SourceVersion "1"]
[SourceVersionDate "2019.02.28"]
[SourceQuality "1"]

1. d4 d5 2. c4 c6 3. Nf3 Nf6 4. g3 g6 5. Bg2 Bg7 6. 0-0 0-0 7. Qc2 Bf5 8. Qb3 Qc8 9. Nc3 Rd8 10. cxd5 cxd5 11. Bg5 Be6 12. Rac1 Nc6 13. Rfd1 h6 14. Bf4 Nh5 15. Be3 b6 16. Na4 Qb7 17. Nc5 Qc8 18. Nxe6 Qxe6 19. Qb5 Na5 20. b3 a6 21. Qb4 Rac8 22. Ne5 Kh7 23. Qd2 Nf6 24. Qd3 b5 25. Qd2 Nb7 26. f3 Nd7 27. Nd3 Qd6 28. Bh3 e6 29. Bf4 Bxd4+ 30. Nf2 Be5 31. Bxh6 b4 32. Ng4 Bc3 33. Qg5 Bg7 34. Qh4 Kg8 35. Bg5 Re8 36. Nh6+ Kf8 37. Ng4 f5 38. Nf6 Nxf6 39. Bxf6 Kf7 40. Bxg7 Kxg7 41. Qd4+ Kf7 42. Qa7 Rxc1 43. Rxc1 Re7 44. Bf1 f4 45. Kg2 e5 46. gxf4 exf4 47. Qd4 Nd8 48. Rd1 Rd7 49. Kh1 Ne6 50. Qh8 Rd8 51. Qh7+ Ng7 52. e4 fxe3 53. Bd3 Qf6 54. f4 Rd6 55. Rc1 Rc6 56. Rf1 Rc3 57. f5 g5 58. Be2 Rc2 59. Bh5+ Ke7 60. Re1 d4 61. Be2 g4 62. Kg1 Qg5 63. f6+ Qxf6 64. Rf1 Rxe2 65. Rxf6 Kxf6 66. Qe4 Nf5 67. Qc6+ Kg5 68. Qc4 Re1+ 69. Kg2 Nh4+ 0-1

[Event "Hum na Sutli op 12th"]
[Site "Hum na Sutli"]
[Date "2018.08.25"]
[Round "2"]
[White "Rogulj, Branko"]
[Black "Svrtan, Zlatko"]
[Result "1-0"]
[WhiteElo "2404"]
[BlackElo "2067"]
[PlyCount "64"]
[EventDate "2018.08.25"]
[EventType "swiss"]
[EventRounds "9"]
[EventCountry "CRO"]
[SourceTitle "CBM 186 Extra"]
[Source "ChessBase"]
[SourceDate "2018.08.24"]
[SourceVersion "1"]
[SourceVersionDate "2018.08.24"]
[SourceQuality "1"]

1. e4 c5 2. Nc3 Nc6 3. g3 g6 4. Bg2 Bg7 5. d3 e6 6. Be3 d6 7. f4 Nge7 8. Nf3 Nd4 9. 0-0 0-0 10. e5 Nef5 11. Bf2 Nxf3+ 12. Qxf3 Qb6 13. Rab1 Nd4 14. Qd1 dxe5 15. fxe5 Bd7 16. Ne4 Bc6 17. c3 Bxe4 18. Bxe4 Nc6 19. b4 Qc7 20. Bxc5 Qxe5 21. Bxc6 bxc6 22. Bxf8 Rxf8 23. Rb3 c5 24. bxc5 Qxc5+ 25. d4 Qa5 26. Qe2 a6 27. Rf2 e5 28. dxe5 Bxe5 29. Qf3 Bd6 30. Kg2 Bc5 31. Qd5 Qc7 32. Rb7 Qd6 1-0

[Event "Krapina-ch 8th "]
[Site "Krapina"]
[Date "2018.01.20"]
[Round "4"]
[White "Svrtan, Zlatko"]
[Black "Hamer, Ivan"]
[Result "1-0"]
[WhiteElo "2039"]
[BlackElo "1976"]
[PlyCount "64"]
[EventDate "2018.01.18"]
[EventType "swiss"]
[EventRounds "7"]
[EventCountry "CRO"]
[SourceTitle "EXT 2019"]
[Source "ChessBase"]
[SourceDate "2018.10.10"]
[SourceVersion "1"]
[SourceVersionDate "2018.10.10"]
[SourceQuality "1"]

1. e4 e5 2. Nf3 Nc6 3. Bc4 Bc5 4. 0-0 Nf6 5. d3 d6 6. c3 a6 7. a4 h6 8. h3 0-0 9. Nbd2 Be6 10. Re1 Bxc4 11. Nxc4 b5 12. Ne3 b4 13. a5 bxc3 14. bxc3 Rb8 15. Nc4 Rb5 16. Bd2 Qd7 17. Qc2 Nh5 18. g4 Nf6 19. Nh2 d5 20. exd5 Nxd5 21. Rxe5 Nxe5 22. Nxe5 Qe7 23. d4 Bd6 24. Re1 Qh4 25. Kg2 Qd8 26. Nhf3 Bxe5 27. Nxe5 Ne7 28. c4 Rb7 29. d5 f6 30. Nd3 Nxd5 31. Nc5 Rb6 32. axb6 Nxb6 1-0

[Event "Hum na Sutli op 11th"]
[Site "Hum na Sutli"]
[Date "2017.09.02"]
[Round "9"]
[White "Novosel, Vladimir"]
[Black "Svrtan, Zlatko"]
[Result "1/2-1/2"]
[WhiteElo "1939"]
[BlackElo "2091"]
[PlyCount "120"]
[EventDate "2017.08.25"]
[EventType "swiss"]
[EventRounds "9"]
[EventCountry "CRO"]
[SourceTitle "EXT 2018"]
[Source "ChessBase"]
[SourceDate "2017.10.13"]
[SourceVersion "1"]
[SourceVersionDate "2017.10.13"]
[SourceQuality "1"]

1. c4 e6 2. e3 d5 3. Nc3 Nf6 4. g3 b6 5. Bg2 Bb7 6. Nge2 Be7 7. 0-0 0-0 8. cxd5 Nxd5 9. Nxd5 Bxd5 10. Qc2 Bxg2 11. Kxg2 c5 12. d4 Qd5+ 13. e4 Qb7 14. Be3 Na6 15. f3 Rac8 16. dxc5 Nxc5 17. Bxc5 Rxc5 18. Qb3 Qa6 19. Nc3 Bf6 20. Rf2 Rfc8 21. Rc1 Bd4 22. Rfc2 Qd3 23. Rd1 Qc4 24. Qxc4 Rxc4 25. Kf1 h5 26. Rd3 g6 27. Ke2 b5 28. a3 a5 29. Rcd2 Bxc3 30. bxc3 Rxc3 31. Rb2 Rc2+ 32. Rd2 Rxd2+ 33. Kxd2 Rc5 34. Kd3 e5 35. f4 f6 36. h3 Kf7 37. fxe5 Rxe5 38. Rc2 g5 39. Rc7+ Kg6 40. g4 b4 41. axb4 axb4 42. Rb7 Ra5 43. Rb6 h4 44. Kc4 Ra3 45. e5 Rf3 46. Kxb4 Kf7 47. exf6 Rxf6 48. Rb5 Kg6 49. Kc4 Rf3 50. Kd4 Rxh3 51. Rb6+ Kf7 52. Ke4 Ra3 53. Rb7+ Ke6 54. Rb6+ Kd7 55. Rb5 Ra4+ 56. Kf5 Kc6 57. Re5 Kd6 58. Rb5 h3 59. Kxg5 h2 60. Rb6+ Ke5 1/2-1/2

[Event "Hum na Sutli op 11th"]
[Site "Hum na Sutli"]
[Date "2017.08.29"]
[Round "5"]
[White "Zigovecki, Vladimir"]
[Black "Svrtan, Zlatko"]
[Result "0-1"]
[WhiteElo "1912"]
[BlackElo "2091"]
[PlyCount "104"]
[EventDate "2017.08.25"]
[EventType "swiss"]
[EventRounds "9"]
[EventCountry "CRO"]
[SourceTitle "EXT 2018"]
[Source "ChessBase"]
[SourceDate "2017.10.13"]
[SourceVersion "1"]
[SourceVersionDate "2017.10.13"]
[SourceQuality "1"]

1. d4 d5 2. Nf3 e6 3. e3 Nf6 4. c4 b6 5. cxd5 exd5 6. Nc3 Be7 7. Be2 0-0 8. 0-0 Bb7 9. b3 Nbd7 10. Bb2 c6 11. Rc1 Re8 12. Bd3 Bd6 13. Nd2 Rc8 14. e4 dxe4 15. Ndxe4 Bf4 16. Rb1 c5 17. Nxf6+ Nxf6 18. Bb5 Rf8 19. dxc5 bxc5 20. Qxd8 Rfxd8 21. Ne2 Bc7 22. Bxf6 gxf6 23. Rbd1 Be5 24. Ng3 Kf8 25. Bc4 Bd4 26. Nf5 Be4 27. Nxd4 Rxd4 28. Rxd4 cxd4 29. f3 Bf5 30. Rd1 Rd8 31. Kf2 h6 32. Bd3 Bxd3 33. Rxd3 Ke7 34. Ke2 Ke6 35. Rd1 Rg8 36. g3 Kd5 37. Kd2 Re8 38. Re1 Re6 39. Rxe6 fxe6 40. g4 Ke5 41. b4 Kf4 42. Ke2 d3+ 43. Kf2 d2 44. Ke2 d1Q+ 45. Kxd1 Kxf3 46. b5 Ke3 47. a4 Kd4 48. a5 Kc5 49. b6 axb6 50. axb6 Kxb6 51. Ke2 Kc5 52. Ke3 Kd5 0-1

[Event "Krapina op 7th"]
[Site "Krapina"]
[Date "2017.01.14"]
[Round "5"]
[White "Svrtan, Zlatko"]
[Black "Kolic, Mario"]
[Result "1-0"]
[WhiteElo "2088"]
[BlackElo "1009"]
[PlyCount "97"]
[EventDate "2017.01.12"]
[EventType "swiss"]
[EventRounds "7"]
[EventCountry "CRO"]
[SourceTitle "CBM 176 Extra"]
[Source "ChessBase"]
[SourceDate "2017.03.02"]
[SourceVersion "1"]
[SourceVersionDate "2017.03.02"]
[SourceQuality "1"]

1. e4 c5 2. Nf3 d6 3. d4 cxd4 4. Nxd4 Nf6 5. Nc3 a6 6. Bg5 e6 7. g3 Be7 8. Qd2 b5 9. a3 Bb7 10. Bg2 Qc7 11. 0-0 Nc6 12. Rad1 Rd8 13. Nxc6 Bxc6 14. Rfe1 0-0 15. h3 Rd7 16. Qe2 Rfd8 17. f4 h6 18. Bh4 e5 19. Bxf6 Bxf6 20. f5 Qb7 21. Nd5 Bxd5 22. Rxd5 Rc8 23. c3 Rc5 24. Red1 Rxd5 25. Rxd5 Be7 26. Bf1 Rc7 27. Kg2 Rc5 28. Qd3 Rxd5 29. Qxd5 Qxd5 30. exd5 Kf8 31. a4 bxa4 32. Bxa6 Ke8 33. Bb5+ Kd8 34. Bxa4 Kc7 35. Be8 f6 36. Kf3 Kb6 37. b4 Kc7 38. Ba4 Kc8 39. Kg4 Bd8 40. Kh5 Bb6 41. Kg6 Be3 42. Kxg7 Bd2 43. Kxf6 Bxc3 44. Ke7 e4 45. f6 e3 46. Bd1 Bxf6+ 47. Kxf6 Kb7 48. Be2 Kc7 49. Ke7 1-0

[Event "Krapina op 7th"]
[Site "Krapina"]
[Date "2017.01.13"]
[Round "3"]
[White "Svrtan, Zlatko"]
[Black "Kupek, Robert"]
[Result "1-0"]
[WhiteElo "2088"]
[BlackElo "1655"]
[PlyCount "55"]
[EventDate "2017.01.12"]
[EventType "swiss"]
[EventRounds "7"]
[EventCountry "CRO"]
[SourceTitle "CBM 176 Extra"]
[Source "ChessBase"]
[SourceDate "2017.03.02"]
[SourceVersion "1"]
[SourceVersionDate "2017.03.02"]
[SourceQuality "1"]

1. e4 c5 2. c3 d6 3. d4 cxd4 4. cxd4 Nf6 5. Nc3 g6 6. Nf3 Bg7 7. Be2 0-0 8. 0-0 Nbd7 9. h3 Nb6 10. Bf4 a6 11. Rc1 Be6 12. b3 Rc8 13. Qd2 d5 14. e5 Nfd7 15. Ng5 Rc6 16. Bf3 Qc7 17. Ne2 Rc8 18. Nxe6 fxe6 19. Bg4 Qd8 20. Bg5 Qe8 21. Rxc6 Rxc6 22. Rc1 Nf8 23. Rxc6 Qxc6 24. Bxe7 h5 25. Bf3 Kh7 26. g4 Bh6 27. Bg5 hxg4 28. Bxh6 1-0

[Event "Krapina op 6th"]
[Site "Krapina"]
[Date "2016.01.23"]
[Round "4"]
[White "Svrtan, Zlatko"]
[Black "Trsinski, Stjepan"]
[Result "1-0"]
[WhiteElo "2052"]
[BlackElo "1563"]
[PlyCount "173"]
[EventDate "2016.01.21"]
[EventType "swiss"]
[EventRounds "7"]
[EventCountry "CRO"]
[SourceTitle "CBM 170 Extra"]
[Source "ChessBase"]
[SourceDate "2016.02.25"]
[SourceVersion "1"]
[SourceVersionDate "2016.02.25"]
[SourceQuality "1"]

1. e4 Nf6 2. e5 Nd5 3. c4 Nb6 4. d4 d5 5. c5 N6d7 6. Nc3 e6 7. b4 Be7 8. f4 0-0 9. Be3 f6 10. Nf3 fxe5 11. fxe5 c6 12. Bd3 b6 13. 0-0 a5 14. a3 bxc5 15. bxc5 Ba6 16. Rb1 Bxd3 17. Qxd3 Na6 18. Na4 Nc7 19. Nb6 Ra7 20. Bd2 a4 21. Rfc1 Nb5 22. Bb4 Rf4 23. Nxd7 Rxd7 24. Bd2 Rf8 25. Rxb5 cxb5 26. Qxb5 Ra7 27. Rb1 Qe8 28. Qb6 Qg6 29. Rf1 Raa8 30. Bb4 Rac8 31. Qa7 Bg5 32. c6 Be3+ 33. Kh1 Ra8 34. Qb7 Rfb8 35. Qd7 Rd8 36. Qe7 Re8 37. Qc5 Qd3 38. Re1 Bf2 39. Rc1 Be3 40. Ra1 Rac8 41. c7 Qa6 42. Re1 Bf2 43. Rc1 Be3 44. Rc3 Bh6 45. Qc6 Qa8 46. Qxa8 Rxa8 47. Rc6 g6 48. Bd6 Rec8 49. g4 Ra7 50. Bc5 Raxc7 51. Rxe6 Rf7 52. Kg2 Rb7 53. Bb4 Ra8 54. Rc6 Bf4 55. Ne1 Rxb4 56. axb4 a3 57. Nc2 a2 58. Rc5 a1Q 59. Nxa1 Rxa1 60. Rxd5 Kf7 61. Rd7+ Ke6 62. Rd6+ Ke7 63. b5 Rd1 64. Kf3 Bxh2 65. Ke4 Bg1 66. b6 Rb1 67. Kd5 Rd1 68. Kc4 Rc1+ 69. Kb5 Rb1+ 70. Kc6 Rc1+ 71. Kb7 Rc4 72. d5 Rxg4 73. Re6+ Kd7 74. Rc6 h5 75. Rc7+ Kd8 76. Rc8+ Kd7 77. e6+ Kd6 78. Rd8+ Ke7 79. Rd7+ Ke8 80. d6 Re4 81. Re7+ Kf8 82. Rf7+ Kg8 83. Re7 Bc5 84. Re8+ Kg7 85. Kc6 Rc4 86. Kd5 Rc1 87. b7 1-0

[Event "Krapina op 6th"]
[Site "Krapina"]
[Date "2016.01.22"]
[Round "2"]
[White "Svrtan, Zlatko"]
[Black "Skupnjak, Milan"]
[Result "1-0"]
[WhiteElo "2052"]
[BlackElo "1949"]
[PlyCount "94"]
[EventDate "2016.01.21"]
[EventType "swiss"]
[EventRounds "7"]
[EventCountry "CRO"]
[SourceTitle "CBM 170 Extra"]
[Source "ChessBase"]
[SourceDate "2016.02.25"]
[SourceVersion "1"]
[SourceVersionDate "2016.02.25"]
[SourceQuality "1"]

1. e4 e6 2. d4 d5 3. Nd2 dxe4 4. Nxe4 Nf6 5. Bg5 Be7 6. Bxf6 Bxf6 7. Nf3 Bd7 8. c3 Bc6 9. Nxf6+ Qxf6 10. Ne5 Qg5 11. Nxc6 Nxc6 12. h4 Qd5 13. Qg4 0-0 14. Be2 Qf5 15. Qxf5 exf5 16. 0-0-0 Ne7 17. Bd3 g6 18. h5 Nd5 19. hxg6 hxg6 20. Bc4 Nf6 21. Rde1 Rfe8 22. f3 c6 23. Re5 Nd7 24. Ree1 Nf6 25. Kc2 Rad8 26. a4 a6 27. a5 Rxe1 28. Rxe1 Kf8 29. b4 f4 30. Re5 Nd5 31. Bxd5 Rxd5 32. Kd3 Rd6 33. Kc4 f6 34. Re4 g5 35. Kc5 Rd5+ 36. Kb6 Rb5+ 37. Kc7 Kf7 38. Re1 Kf8 39. Kd7 Rd5+ 40. Kc8 Rb5 41. Re6 Kf7 42. Rd6 b6 43. axb6 Rxb6 44. Kc7 Rb5 45. Kxc6 Rb8 46. Rd7+ Ke6 47. d5+ Kf5 1-0

[Event "Hum na Sutli op 9th"]
[Site "Hum na Sutli"]
[Date "2015.09.02"]
[Round "6"]
[White "Stocko, Josip"]
[Black "Svrtan, Zlatko"]
[Result "1-0"]
[WhiteElo "2312"]
[BlackElo "2082"]
[PlyCount "107"]
[EventDate "2015.08.28"]
[EventType "swiss"]
[EventRounds "9"]
[EventCountry "CRO"]
[SourceTitle "EXT 2016"]
[Source "ChessBase"]
[SourceDate "2015.10.08"]
[SourceVersion "1"]
[SourceVersionDate "2015.10.08"]
[SourceQuality "1"]

1. e4 c5 2. Nf3 d6 3. d4 cxd4 4. Nxd4 Nf6 5. Nc3 e6 6. h3 a6 7. g4 b5 8. Bg2 Bb7 9. g5 Nfd7 10. h4 Be7 11. Be3 Qc7 12. f4 Nc6 13. Qd2 Nxd4 14. Bxd4 e5 15. Be3 exf4 16. Bxf4 0-0 17. 0-0-0 Ne5 18. Nd5 Bxd5 19. exd5 Nc4 20. Qd3 Rac8 21. Kb1 Qc5 22. Rhe1 Rc7 23. Be4 g6 24. Bc1 f5 25. gxf6 Bxf6 26. h5 g5 27. h6 Kh8 28. Rf1 Rcf7 29. Rf5 Be5 30. Rxg5 Qf2 31. b3 Rb8 32. Rf5 Rxf5 33. Bxf5 Qc5 34. Re1 Na3+ 35. Bxa3 Qxa3 36. c3 Rg8 37. Bh3 Qc5 38. Rc1 b4 39. Be6 Rg1 40. Qf3 Rxc1+ 41. Kxc1 Qg1+ 42. Kc2 Qh2+ 43. Kd3 Qxh6 44. cxb4 Qg6+ 45. Bf5 Qe8 46. a4 Qf7 47. Be4 Qg7 48. Qf5 h6 49. Qc8+ Qg8 50. Qxg8+ Kxg8 51. Kc4 Kf7 52. b5 a5 53. b6 Bf6 54. b7 1-0

[Event "Hum na Sutli op 9th"]
[Site "Hum na Sutli"]
[Date "2015.08.29"]
[Round "2"]
[White "Rogulj, Branko"]
[Black "Svrtan, Zlatko"]
[Result "1-0"]
[WhiteElo "2402"]
[BlackElo "2082"]
[PlyCount "43"]
[EventDate "2015.08.28"]
[EventType "swiss"]
[EventRounds "9"]
[EventCountry "CRO"]
[SourceTitle "EXT 2016"]
[Source "ChessBase"]
[SourceDate "2015.10.08"]
[SourceVersion "1"]
[SourceVersionDate "2015.10.08"]
[SourceQuality "1"]

1. e4 c5 2. Nc3 Nc6 3. Bb5 a6 4. Bxc6 dxc6 5. d3 g6 6. Be3 b6 7. d4 c4 8. h3 Bg7 9. Nf3 Bb7 10. e5 f6 11. Qe2 b5 12. 0-0-0 Qa5 13. Kb1 f5 14. a3 e6 15. g4 Ne7 16. gxf5 exf5 17. Ng5 Bc8 18. d5 b4 19. Qxc4 bxc3 20. d6 Bd7 21. Qf7+ Kd8 22. dxe7+ 1-0

[Event "Hum na Sutli op 8th"]
[Site "Hum na Sutli"]
[Date "2014.09.05"]
[Round "9"]
[White "Svrtan, Zlatko"]
[Black "Fercec, Nenad"]
[Result "0-1"]
[WhiteElo "2038"]
[BlackElo "2503"]
[PlyCount "98"]
[EventDate "2014.08.29"]
[EventType "swiss"]
[EventRounds "9"]
[EventCountry "CRO"]
[SourceTitle "CBM 162 Extra"]
[Source "ChessBase"]
[SourceDate "2014.10.17"]
[SourceVersion "1"]
[SourceVersionDate "2014.10.17"]
[SourceQuality "1"]

1. e4 c5 2. Nf3 Nc6 3. d4 cxd4 4. Nxd4 Qb6 5. Nb3 Nf6 6. Nc3 e6 7. Be3 Qc7 8. f4 Bb4 9. Bd3 Bxc3+ 10. bxc3 d6 11. 0-0 b6 12. Qe2 Bb7 13. Rae1 0-0 14. Bd2 d5 15. e5 Ne4 16. Nd4 Ne7 17. Bxe4 dxe4 18. Nb5 Qc6 19. Nd6 Rad8 20. Be3 Rxd6 21. exd6 Qxd6 22. Rd1 Qc6 23. Bd4 Nf5 24. Rb1 e3 25. Rf3 Qa4 26. Rxe3 Qxa2 27. Rd1 Nxe3 28. Bxe3 Bd5 29. Bd4 f6 30. Re1 Qa4 31. Rb1 Qc6 32. Rb4 Qd6 33. Bf2 Rc8 34. Qd2 Qc6 35. Bd4 Rc7 36. Qf2 Qe8 37. Qg3 Qh5 38. h3 Qf5 39. Kh2 Kf7 40. Qf2 h5 41. Qh4 Ke7 42. Qg3 Kf8 43. Qf2 Kg8 44. Qg3 Rd7 45. Rb5 Qxc2 46. Bxf6 Bxg2 47. Qxg2 Rd2 48. Rg5 Rxg2+ 49. Rxg2 Qxg2+ 0-1

[Event "Hum na Sutli op 8th"]
[Site "Hum na Sutli"]
[Date "2014.09.03"]
[Round "7"]
[White "Doric, Nenad"]
[Black "Svrtan, Zlatko"]
[Result "1-0"]
[WhiteElo "2330"]
[BlackElo "2038"]
[PlyCount "65"]
[EventDate "2014.08.29"]
[EventType "swiss"]
[EventRounds "9"]
[EventCountry "CRO"]
[SourceTitle "CBM 162 Extra"]
[Source "ChessBase"]
[SourceDate "2014.10.17"]
[SourceVersion "1"]
[SourceVersionDate "2014.10.17"]
[SourceQuality "1"]

1. d4 Nf6 2. c4 e6 3. Nc3 Bb4 4. e3 c5 5. Nge2 Ne4 6. Qc2 Nxc3 7. Nxc3 cxd4 8. exd4 Qf6 9. a3 Bxc3+ 10. Qxc3 0-0 11. Be2 d5 12. c5 Nc6 13. Be3 Re8 14. 0-0 Bd7 15. b4 e5 16. dxe5 Qxe5 17. Qxe5 Nxe5 18. Rfd1 Be6 19. Bd4 Nc4 20. Bf3 Red8 21. a4 a5 22. b5 f6 23. Re1 Kf7 24. Ra2 Rd7 25. Rae2 Bf5 26. c6 bxc6 27. bxc6 Rdd8 28. c7 Rd6 29. Bc5 Raa6 30. Bxd6 Rxd6 31. g4 Bc8 32. Re8 Nd2 33. Kg2 1-0

[Event "Krapina op 2nd"]
[Site "Krapina"]
[Date "2012.07.06"]
[Round "9"]
[White "Jakolic, Josip"]
[Black "Svrtan, Zlatko"]
[Result "1/2-1/2"]
[WhiteElo "1889"]
[BlackElo "2042"]
[PlyCount "162"]
[EventDate "2012.06.26"]
[EventType "swiss"]
[EventRounds "9"]
[EventCountry "CRO"]
[SourceTitle "EXT 2013"]
[Source "ChessBase"]
[SourceDate "2012.11.22"]
[SourceVersion "1"]
[SourceVersionDate "2012.11.22"]
[SourceQuality "1"]

1. d4 Nf6 2. c4 e6 3. a3 d5 4. Nc3 Be7 5. Nf3 0-0 6. Bg5 Nbd7 7. e3 h6 8. Bh4 b6 9. cxd5 Nxd5 10. Nxd5 exd5 11. Bxe7 Qxe7 12. Bb5 Bb7 13. Qa4 Nb8 14. Ne5 c5 15. 0-0 a6 16. Be2 Re8 17. Nf3 b5 18. Qc2 c4 19. Qc3 Nc6 20. b3 Rac8 21. Rfb1 Ba8 22. h3 Qf6 23. Rb2 g5 24. Nh2 Qd6 25. Bg4 Rcd8 26. b4 Bb7 27. Qc2 Ne7 28. Nf3 Rf8 29. Bf5 Qf6 30. Bg4 Ng6 31. Qf5 Qd6 32. Qc2 Bc8 33. Bf5 Qf6 34. Bxg6 fxg6 35. Ne5 Bf5 36. Qc3 h5 37. f3 Bd7 38. g4 Kg7 39. Rh2 Be6 40. Rf1 Rh8 41. Kg2 Rdf8 42. Qc2 Rh6 43. Qd2 Rfh8 44. Rfh1 Qd8 45. Kg3 Qd6 46. Qc2 Bc8 47. Qc3 Qf8 48. Qc2 Qf6 49. Qc3 Be6 50. Qd2 R6h7 51. Qc2 Rf8 52. Rf1 hxg4 53. hxg4 Rxh2 54. Kxh2 Rh8+ 55. Kg3 Rh4 56. Rf2 Bf7 57. Rh2 Qe7 58. Qd2 Be8 59. f4 Rxh2 60. Kxh2 gxf4 61. exf4 Qh4+ 62. Kg2 Bf7 63. Qf2 Qf6 64. Kg3 Be6 65. Qh2 Bf7 66. Qh4 Bg8 67. Qxf6+ Kxf6 68. Kf3 Be6 69. Ke3 Bc8 70. Kf3 Be6 71. Ke3 Bg8 72. Kf3 Bh7 73. Ke3 Ke6 74. Kf3 Kd6 75. Ke3 Kc7 76. Kf3 Kb7 77. Ke3 Kb6 78. Kf3 a5 79. Ke3 axb4 80. axb4 Kc7 81. Kf3 Kd6 1/2-1/2

[Event "Krapina op 2nd"]
[Site "Krapina"]
[Date "2012.06.28"]
[Round "3"]
[White "Svrtan, Zlatko"]
[Black "Turk, Karlo"]
[Result "1/2-1/2"]
[WhiteElo "2042"]
[BlackElo "2074"]
[PlyCount "32"]
[EventDate "2012.06.26"]
[EventType "swiss"]
[EventRounds "9"]
[EventCountry "CRO"]
[SourceTitle "EXT 2013"]
[Source "ChessBase"]
[SourceDate "2012.11.22"]
[SourceVersion "1"]
[SourceVersionDate "2012.11.22"]
[SourceQuality "1"]

1. e4 c5 2. Nf3 g6 3. d4 cxd4 4. Nxd4 Nf6 5. Nc3 d6 6. Be2 Bg7 7. Be3 0-0 8. f3 Nc6 9. Qd2 Bd7 10. 0-0-0 Rc8 11. g4 Ne5 12. h4 h5 13. gxh5 Nxh5 14. f4 Nc4 15. Bxc4 Rxc4 16. f5 Qa5 1/2-1/2

[Event "Krapina op 2nd"]
[Site "Krapina"]
[Date "2012.06.26"]
[Round "1"]
[White "Svrtan, Zlatko"]
[Black "Kralj, Kresimir"]
[Result "1-0"]
[WhiteElo "2042"]
[BlackElo "1784"]
[PlyCount "71"]
[EventDate "2012.06.26"]
[EventType "swiss"]
[EventRounds "9"]
[EventCountry "CRO"]
[SourceTitle "EXT 2013"]
[Source "ChessBase"]
[SourceDate "2012.11.22"]
[SourceVersion "1"]
[SourceVersionDate "2012.11.22"]
[SourceQuality "1"]

1. e4 c5 2. Nf3 g6 3. c3 Nc6 4. d4 cxd4 5. cxd4 Bg7 6. Nc3 d6 7. h3 Qb6 8. Nd5 Qd8 9. Bg5 h6 10. Be3 Nf6 11. Nc3 Qa5 12. Qd2 e6 13. Be2 d5 14. e5 Ng8 15. 0-0 Nge7 16. Nb5 0-0 17. Bxh6 Qxd2 18. Bxd2 Nf5 19. g4 Nfe7 20. g5 Nf5 21. Bc3 a6 22. Na3 Bd7 23. Nc2 Rfc8 24. Bd3 Bf8 25. a3 Be7 26. Ne3 Kg7 27. Ng4 Rh8 28. Nf6 Rxh3 29. Kg2 Rxf3 30. Kxf3 Nfxd4+ 31. Bxd4 Nxd4+ 32. Kg4 Bc6 33. Rh1 Rh8 34. Rxh8 Kxh8 35. Rh1+ Kg7 36. Rh7+ 1-0

[Event "CRO-chT3 Center-A"]
[Site "Zagreb"]
[Date "2011.10.16"]
[Round "8.53"]
[White "Bazant, Jurica"]
[Black "Svrtan, Zlatko"]
[Result "1/2-1/2"]
[WhiteElo "2145"]
[BlackElo "2058"]
[PlyCount "105"]
[EventDate "2011.03.13"]
[EventType "team-tourn"]
[EventRounds "11"]
[EventCountry "CRO"]
[SourceTitle "EXT 2014"]
[Source "ChessBase"]
[SourceDate "2013.11.20"]
[SourceVersion "1"]
[SourceVersionDate "2013.11.20"]
[SourceQuality "1"]

1. d4 Nf6 2. Nc3 d5 3. Bg5 e6 4. e4 dxe4 5. Nxe4 Be7 6. Bxf6 Bxf6 7. Nxf6+ Qxf6 8. Nf3 0-0 9. Bd3 c5 10. 0-0 cxd4 11. Nxd4 Rd8 12. Nf3 Nc6 13. c3 Bd7 14. Re1 Ne7 15. Qe2 Ng6 16. Bxg6 hxg6 17. Ne5 Be8 18. Rad1 Rxd1 19. Qxd1 Rd8 20. Qe2 Qf4 21. g3 Qd2 22. Qxd2 Rxd2 23. Rb1 Re2 24. Nc4 Bc6 25. Kf1 Bf3 26. Rd1 Rxf2+ 27. Kxf2 Bxd1 28. Nd6 b6 29. Nc8 Ba4 30. Nxa7 Bd7 31. c4 Kf8 32. Nb5 Bxb5 33. cxb5 Ke7 34. b4 Kd6 35. a4 f5 36. h4 e5 37. Ke3 Kd5 38. Kd3 e4+ 39. Kc3 Kd6 40. Kd4 Kc7 41. Ke3 Kd6 42. a5 Kc7 43. Kf4 Kb7 44. Ke3 Ka7 45. g4 Kb8 46. Kf4 Ka7 47. h5 g5+ 48. Ke3 f4+ 49. Kxe4 Kb7 50. Kd4 Ka7 51. Ke4 Kb7 52. Kd4 Ka7 53. Ke4 1/2-1/2

[Event "Krapina op"]
[Site "Krapina"]
[Date "2011.07.01"]
[Round "2"]
[White "Svrtan, Zlatko"]
[Black "Djodj, Goran"]
[Result "0-1"]
[WhiteElo "2046"]
[BlackElo "1873"]
[PlyCount "114"]
[EventDate "2011.06.29"]
[EventType "swiss"]
[EventRounds "9"]
[EventCountry "CRO"]
[SourceTitle "EXT 2012"]
[Source "ChessBase"]
[SourceDate "2011.11.24"]
[SourceVersion "1"]
[SourceVersionDate "2011.11.24"]
[SourceQuality "1"]

1. e4 c6 2. d4 d5 3. exd5 cxd5 4. c4 Nf6 5. Nc3 g6 6. Bg5 Nbd7 7. Nf3 Bg7 8. cxd5 0-0 9. d6 exd6 10. Be2 a6 11. a4 Re8 12. 0-0 Nf8 13. Qd2 Ne6 14. Bh4 Qa5 15. b4 Qh5 16. Bg3 Bh6 17. Qb2 Nf4 18. Bd1 Be6 19. d5 N6xd5 20. Nxd5 Bxd5 21. Qa3 Ne2+ 22. Bxe2 Rxe2 23. Bxd6 Bxf3 24. Qxf3 Qxf3 25. gxf3 Rc8 26. Rfe1 Rxe1+ 27. Rxe1 Rc1 28. Kf1 f5 29. f4 Rxe1+ 30. Kxe1 Kf7 31. Ke2 Ke6 32. Bc7 Kd5 33. Kd3 Bf8 34. b5 axb5 35. axb5 Kc5 36. b6 Kc6 37. Kc4 Bc5 38. f3 Bxb6 39. Be5 Bc5 40. h3 b5+ 41. Kd3 Kd7 42. Kc3 Bd6 43. Bf6 Bxf4 44. Kb4 Kc6 45. Kc3 Kc5 46. Be7+ Bd6 47. Bf6 Kd5 48. Kd3 b4 49. Bg5 Be5 50. Be3 b3 51. Bf2 b2 52. Kc2 g5 53. Be3 Bf4 54. Bb6 Bc1 55. Bd8 g4 56. hxg4 fxg4 57. fxg4 Ke4 0-1